• 首页
  • 本馆介绍
  • 公告通知
  • 最新文献
  • 馆藏检索
  • 电子资源
  • 读者导购
  • 参考咨询
  • 我的图书馆
  • 登录
  • 详细信息显示
  • 放入我的书架
  • 预约/预借图书
  • 作者相关作品
  • 分类相关作品
  • 丛书相关作品
  • 出版社相关作品

书目信息

  • 表格格式
  • 工作单格式
  • 卡片格式
题名:
激励学生学习
    
 
作者: 布洛菲 著 ;张弛 , 蒋元群 译
分册:  
出版信息: 北京   商务印书馆  2016.06
页数: 452页
开本: 23cm
丛书名:
单 册:
中图分类: G442
科图分类:
主题词: 学习方法--xue xi fang fa , 教育心理学
电子资源:
ISBN: 978-7-100-12041-8
000 01623nam0 2200337 450
001 CAL 0120161955791
005 20171227084311.70
010    @a978-7-100-12041-8@b@dCNY58.00
100    @a20160713d2016 em y0chiy50 ea
101 1  @achi@ceng
102    @aCN@b110000
105    @aak a 000yy
106    @ar
200 1  @a激励学生学习@Aji li xue sheng xue xi@f(美) 杰里·布洛菲著@g张弛, 蒋元群译
210    @a北京@c商务印书馆@d2016.06
215    @a452页@c图@d23cm
305    @a据原书第3版译出
312    @a英文题名取自封面
314    @a杰里·布洛菲, 美国密歇根州立大学著名教学专家, 其研究领域包括教育心理学、教育咨询和特殊教育等。张弛, 毕业于北京师范大学教育系, 现任北京师范大学研究生院副院长、研究员。主要译著有《大学潜规则》《美国教育史》《德国大学与大学学习》等。蒋元群, 毕业于北京外国语大学高级翻译学院, 现任北京师范大学外语学院讲师。
320    @a有书目
330    @a本书分为12章, 主要内容包括: 教师视角下的学生动机、建立班级中的学习社群、支持学生建立学习信心、目标理论、为受挫学生重建学习的信心和愿望、提供外部激励、内在动机的自我决定理论: 满足学生的自主需要、胜任需要及关联需要、支持学生内在动机的其他方式、激发学生的学习动机、缺乏兴趣或不合群学生的社会化、顺应学生动机模式的差异、回顾与展望: 把动机目标整合进教师的教学计划和教学中。
500 10 @aMotivating students to learn@mChinese
606 0  @a学习方法@Axue xi fang fa
606 0  @a教育心理学
690    @aG442@v5
701  1 @a布洛菲@Abu luo fei@g(Brophy, Jere)@4著
702  0 @a张弛@Azhang chi@4译
702  0 @a蒋元群@Ajiang yuan qun@4译
801  0 @aCN@b人天书店@c20160713@g
905    @aBZT@dG442@e13
906    @dCNY58.00@n3@r1
    
    激励学生学习/(美) 杰里·布洛菲著/张弛, 蒋元群译.-北京:商务印书馆,2016.06
    452页:图;23cm
    
    
    ISBN 978-7-100-12041-8:CNY58.00
    本书分为12章, 主要内容包括: 教师视角下的学生动机、建立班级中的学习社群、支持学生建立学习信心、目标理论、为受挫学生重建学习的信心和愿望、提供外部激励、内在动机的自我决定理论: 满足学生的自主需要、胜任需要及关联需要、支持学生内在动机的其他方式、激发学生的学习动机、缺乏兴趣或不合群学生的社会化、顺应学生动机模式的差异、回顾与展望: 把动机目标整合进教师的教学计划和教学中。
●
相关链接 在五车中查询图书 在当当中查询图书 在豆瓣中查询图书


正题名:激励学生学习     索取号:G442/13         预约/预借

序号 登录号 条形码 馆藏地/架位号 状态 备注
1 837832   2000837832   第二书库/ [索取号:G442/13] 在馆    
2 837833   2000837833   第二书库/ [索取号:G442/13] 在馆    
3 837834   2000837834   第二书库/ [索取号:G442/13] 在馆    
山东省滨州职业学院图书馆 欢迎您!
大连网信软件有限公司© 版权所有